Managerial aptitude tests (Record no. 29471)

MARC details
000 -LEADER
fixed length control field 00268nam a2200109Ia 4500
082 ## - DEWEY DECIMAL CLASSIFICATION NUMBER
Classification number 001:65
Item number HAR
100 ## - MAIN ENTRY--AUTHOR NAME
Personal name Harjinder Singh
245 #0 - TITLE STATEMENT
Title Managerial aptitude tests
260 ## - PUBLICATION, DISTRIBUTION, ETC. (IMPRINT)
Place of publication New Delhi
Name of publisher Varma
Year of publication 1977
942 ## - ADDED ENTRY ELEMENTS (KOHA)
Koha item type Books
Holdings
Withdrawn status Lost status Damaged status Not for loan Home library Current library Date acquired Cost, normal purchase price Full call number Accession Number Koha item type
        RRII Library RRII Library 16/12/2021 12.50 001:65 HAR 10058 Books